Chile hacia el 2000

Uloženo v:
Podrobná bibliografie
Hlavní autoři: Larraín Bascuñán, Felipe (autor), Acevedo A., Roberto (Autor), Aedo I., Cristián (Autor), Braun Ll., Juan (Autor), Borregaard, Nicola (Autor)
Médium: Kniha
Jazyk:španělština
Vydáno: Santiago Centro de Estudios Públicos 1994
Témata:
Tagy: Přidat tag
Žádné tagy, Buďte první, kdo vytvoří štítek k tomuto záznamu!

MARC

LEADER 00000nam a2200000 a 4500
001 UCY5963
003 CL-VaPUC
008 950521e19940000CL |||||||||||||||||spa|d
082 0 4 |a 320  |b LAR  |2 21 
100 |a Larraín Bascuñán, Felipe  |e autor  |9 588048 
700 0 |a Acevedo A., Roberto  |e author  |9 335452 
700 0 |a Aedo I., Cristián  |e author  |9 335453 
700 0 |a Braun Ll., Juan  |e author  |9 335454 
700 0 |a Borregaard, Nicola  |e author  |9 335455 
245 1 0 |a Chile hacia el 2000 
246 1 0 |a Ideas para el desarrollo 
300 |a 562 p 
942 |c BK 
945 |d 19950521 00:00:00  |a rbrito 
260 |a Santiago  |b Centro de Estudios Públicos  |c 1994 
650 0 |a Economía   |9 255568 
650 0 |a Pobreza  |9 258652 
650 7 |a PRIVATIZACION  |2 CL-VaPUC  |9 258145 
650 7 |a GASTO SOCIAL  |2 CL-VaPUC  |9 311342 
650 0 |a Calidad de vida   |9 322944 
651 7 |a CHILE  |2 CL-VaPUC  |9 335456 
583 |a last modification  |c 19950521 00:00:00  |k Rodrigo Vera 
999 |c 233560  |d 233558 
952 |0 0  |1 0  |4 0  |6 320_000000000000000_LAR_1994  |7 0  |8 A  |9 239166  |a BIBHIS  |b BIBHIS  |d 2019-11-18  |i 3085244  |o 320 LAR 1994  |p 3085244  |r 2025-01-20  |w 2019-11-18  |y BK  |k HIS